Estadísticas para Países Unidos #2

Haz click aquí para tomar la prueba!

Estadísticas generales

  • Esta prueba ha sido tomada 2,378 veces
  • La puntuación promedio es 14 de 20

Respuestas en el mapa

Las respuestas están codificadas por una escala verde-roja en el mapa de la prueba según el % correcto abajo.
Cargando...
 

Estadísticas de respuestas

País % Correct
España
91%
Colombia
88%
Portugal
88%
China
85%
Venezuela
85%
Corea del Norte
79%
Indonesia
76%
Tailandia
75%
Papua Nueva Guinea
73%
Birmania
72%
Austria
72%
Irak
70%
Arabia Saudita
69%
Hungría
67%
Namibia
66%
Botsuana
62%
Grecia
59%
Etiopía
56%
Albania
56%
Eritrea
55%

Distribución de puntuación

Porcentaje por número respondido

Porcentaje de gente con cada puntuación

Historial de tus puntuaciones

No has tomado esta prueba